Central Library OPAC University of Rajshahi

Methods of advanced calculus / (Record no. 50886)

MARC details
000 -LEADER
fixed length control field 00768nam a22002651 4500
001 - CONTROL NUMBER
control field 50886
003 - CONTROL NUMBER IDENTIFIER
rucl marc code BD-RjUL
005 - DATE AND TIME OF LATEST TRANSACTION
control field 20211209075559.0
008 - FIXED-LENGTH DATA ELEMENTS--GENERAL INFORMATION
fixed length control field 160828s1944 nyua b 000 0 eng c
035 ## - SYSTEM CONTROL NUMBER
System control number (OCoLC)ocm01039288
System control number (BD-RjUL)51006
040 ## - CATALOGING SOURCE
Original cataloging agency DLC/ICU
Transcribing agency CGU
Modifying agency ZCU
-- BD-RjUL
Language of cataloging eng
041 ## - LANGUAGE CODE
Language code of text/sound track or separate title eng
082 0# - DEWEY DECIMAL CLASSIFICATION NUMBER
Edition number 23
Classification number 515
Author mark and year FRM 1944
100 1# - MAIN ENTRY--PERSONAL NAME
Personal name Franklin, Philip,
Dates associated with a name 1898-
9 (RLIN) 152325
245 10 - TITLE STATEMENT
Title Methods of advanced calculus /
Statement of responsibility, etc. by Philip Franklin .
250 ## - EDITION STATEMENT
Edition statement 1st ed.
260 ## - PUBLICATION, DISTRIBUTION, ETC. (IMPRINT)
Place of publication, distribution, etc. New York ;
-- London:
Name of publisher, distributor, etc. McGraw-Hill book company, inc.,
Date of publication, distribution, etc. 1944.
300 ## - PHYSICAL DESCRIPTION
Pagination xii, 486 p.:
Illustrations ill.;
Size 22 cm.
500 ## - GENERAL NOTE
General note "Answers": p. 467-479.
504 ## - BIBLIOGRAPHY, ETC. NOTE
Bibliography, etc Bibliography: p. 463.
650 #0 - SUBJECT ADDED ENTRY--TOPICAL TERM
Topical term or geographic name as entry element Calculus.
9 (RLIN) 152326
942 ## - ADDED ENTRY ELEMENTS (KOHA)
Source of classification or shelving scheme Dewey Decimal Classification
Koha item type Books
Holdings
Lost status Source of classification or shelving scheme Damaged status Not for loan Collection code Permanent Location Current Location Shelving location Date acquired Source of acquisition Total Checkouts Full call number Date last seen Copy number Koha item type
  Dewey Decimal Classification     Non-fiction Central Library, University of Rajshahi Central Library, University of Rajshahi   02/02/1963 Zeitlinger   515 FRM 1944 28/08/2016 C-2 Books